|
|
|
|
| LEADER |
02543cam a2200961 7i4500 |
| 001 |
0000023624 |
| 005 |
20090930090000.0 |
| 020 |
0 |
0 |
|a 978-1-58239-006-2
|
| 090 |
0 |
0 |
|a I 381.2025
|b INT
|
| 245 |
0 |
4 |
|a The International directory of agents distributors and wholesalers :
|b volume 2.
|
| 250 |
0 |
0 |
|a 2009 ed.
|
| 260 |
0 |
0 |
|a Poulsbo,WA:
|b Interdata,
|c 2009.
|
| 300 |
# |
# |
|a 2 v. [1081p].
|
| 500 |
0 |
0 |
|a Library has vol.1 & 2
|
| 650 |
0 |
0 |
|a Manufacturers agents --
|x Directories
|
| 650 |
0 |
0 |
|a Wholesalers --
|x Directories
|
| 650 |
0 |
0 |
|a Distributors --
|x Directories
|
| 651 |
0 |
0 |
|a Armenia
|
| 651 |
0 |
0 |
|a Gabon
|
| 651 |
0 |
0 |
|a Cayman Islands
|
| 651 |
0 |
0 |
|a Equatorial Guinea
|
| 651 |
0 |
0 |
|a Dominica
|
| 651 |
0 |
0 |
|a Belize
|
| 651 |
0 |
0 |
|a Gambia
|
| 651 |
0 |
0 |
|a Belarus
|
| 651 |
0 |
0 |
|a Bahamas
|
| 651 |
0 |
0 |
|a Chad
|
| 651 |
0 |
0 |
|a Burkina Faso
|
| 651 |
0 |
0 |
|a Azerbaijan
|
| 651 |
0 |
0 |
|a Angola
|
| 651 |
0 |
0 |
|a Aruba
|
| 651 |
0 |
0 |
|a Bermuda
|
| 651 |
0 |
0 |
|a Eritrea
|
| 651 |
0 |
0 |
|a Antigua
|
| 651 |
0 |
0 |
|a Equador
|
| 651 |
0 |
0 |
|a Bostwana
|
| 651 |
0 |
0 |
|a Andorra
|
| 651 |
0 |
0 |
|a Anguilla
|
| 651 |
0 |
0 |
|a Bosnia/Herzegovina
|
| 651 |
0 |
0 |
|a Congo,Dem.Rep
|
| 651 |
0 |
0 |
|a Congo,Republic of
|
| 651 |
0 |
0 |
|a England (U.K)
|
| 651 |
0 |
0 |
|a Georgia, Republic
|
| 651 |
0 |
0 |
|a Denmark
|
| 651 |
0 |
0 |
|a Barbados
|
| 651 |
0 |
0 |
|a Djibouti
|
| 651 |
0 |
0 |
|a Cameroon
|
| 651 |
0 |
0 |
|a Ethiopia
|
| 651 |
0 |
0 |
|a Benin
|
| 651 |
0 |
0 |
|a Algeria
|
| 651 |
0 |
0 |
|a Egypt
|
| 651 |
0 |
0 |
|a Cyprus
|
| 651 |
0 |
0 |
|a France
|
| 651 |
0 |
0 |
|a Albania
|
| 651 |
0 |
0 |
|a China
|
| 651 |
0 |
0 |
|a Bulgaria
|
| 651 |
0 |
0 |
|a Chile
|
| 651 |
0 |
0 |
|a Finland
|
| 651 |
0 |
0 |
|a Fiji
|
| 651 |
0 |
0 |
|a Canada
|
| 651 |
0 |
0 |
|a Germany
|
| 651 |
0 |
0 |
|a Estonia
|
| 651 |
0 |
0 |
|a Costa Rica
|
| 651 |
0 |
0 |
|a El Salvador
|
| 651 |
0 |
0 |
|a Croatia
|
| 651 |
0 |
0 |
|a Dominican Republic
|
| 651 |
0 |
0 |
|a Cambodia
|
| 651 |
0 |
0 |
|a Brunei
|
| 651 |
0 |
0 |
|a Cuba
|
| 651 |
0 |
0 |
|a Czech Republic
|
| 651 |
0 |
0 |
|a Australia
|
| 651 |
0 |
0 |
|a Bangladesh
|
| 651 |
0 |
0 |
|a Bolivia
|
| 651 |
0 |
0 |
|a Argentina
|
| 651 |
0 |
0 |
|a Bahrain
|
| 651 |
0 |
0 |
|a Colombia
|
| 651 |
0 |
0 |
|a Belgium
|
| 651 |
0 |
0 |
|a Brazil
|
| 999 |
|
|
|a JHR000162B
|b Directories
|c International
|e MATRADE Southern Regional Office
|
| 999 |
|
|
|a B000025419
|b Directories
|c International
|e Business Information Centre
|
| 999 |
|
|
|a PNG000869B
|b Directories
|c International
|e MATRADE Northern Regional Office
|
| 999 |
|
|
|a SBH000839B
|b Directories
|c International
|e MATRADE Sabah
|
| 999 |
|
|
|a SRW000266B
|b Directories
|c International
|e MATRADE Sarawak
|